Fundamentals of Financial Management (Record no. 6936)

MARC details
000 -LEADER
fixed length control field 00317nam a2200133Ia 4500
008 - FIXED-LENGTH DATA ELEMENTS--GENERAL INFORMATION
fixed length control field 191201s2018 xx 000 0 und d
100 ## - MAIN ENTRY--PERSONAL NAME
Personal name HORNE, J Van
245 #0 - TITLE STATEMENT
Title Fundamentals of Financial Management
260 ## - PUBLICATION, DISTRIBUTION, ETC. (IMPRINT)
Name of publisher, distributor, etc Pearson
Date of publication, distribution, etc 2018
300 ## - PHYSICAL DESCRIPTION
Extent 718
650 ## - SUBJECT ADDED ENTRY--TOPICAL TERM
Topical term or geographic name as entry element BBA
700 ## - ADDED ENTRY--PERSONAL NAME
Personal name WACHOWICZ, John M
942 ## - ADDED ENTRY ELEMENTS (KOHA)
Source of classification or shelving scheme Dewey Decimal Classification
Koha item type Text Books
Holdings
Withdrawn status Lost status Source of classification or shelving scheme Damaged status Not for loan Collection code Home library Current library Date acquired Source of acquisition Cost, normal purchase price Bill Number Total Checkouts Acc. no. / Barcode Checked out Date last seen Date last borrowed Actual Cost, discounted price Bill Date Koha item type Full call number
    Dewey Decimal Classification     BBA PIET C-LIBRARY PIET C-LIBRARY 21/07/2020 Kirti Prakashan 809.00 IN 3877 3 30851 04/04/2024 07/10/2023 07/10/2023 550.12 15/05/2019 Text Books  
    Dewey Decimal Classification     BBA PIET C-LIBRARY PIET C-LIBRARY 21/07/2020 Kirti Prakashan 809.00 IN 3877 1 30852   30/10/2023 18/10/2023 550.12 15/05/2019 Text Books 658.15 HOF

Design & Developed by: PIET Central Library
R70 Miles Stone Pattikalyana Samalkha Panipat 132102
mail ID :- [email protected], Phone No:- 0180-2569700 Ex.216